| 000 | 00462nam a2200193Ia 4500 | ||
|---|---|---|---|
| 005 | 20240823012104.0 | ||
| 008 | 240823s9999||||xx |||||||||||||| ||und|| | ||
| 041 | _aENGLISH | ||
| 082 | _A621.395 P1 | ||
| 100 | _a"Bignell,James" | ||
| 245 | 0 | _aDigital Electronics | |
| 250 | _a4th | ||
| 260 |
_c2001 _b"Delmar,Africa" |
||
| 500 | _aYES | ||
| 650 |
_aDigital Electronics _bInstrumentation |
||
| 700 | _a" Donovan,Robert" | ||
| 942 | _cBK | ||
| 999 |
_c163402 _d163402 |
||